Rowing between the rooftops : (Record no. 169450)

MARC details
000 -LEADER
fixed length control field 00567nam a22001817a 4500
005 - DATE AND TIME OF LATEST TRANSACTION
control field 20191120160238.0
010 ## - LCCN (DPL NO)
LC control number ENG-126943
020 ## - INTERNATIONAL STANDARD BOOK NUMBER
Terms of availability 299.00
International Standard Book Number 9789388326827
035 ## - SYSTEM CONTROL NUMBER
System control number EN-110475
037 ## - SOURCE OF ACQUISITION
Source of stock number/acquisition DBAD/PUB
082 ## - DEWEY DECIMAL CLASSIFICATION NUMBER
Classification number 920
100 ## - MAIN ENTRY--PERSONAL NAME
Personal name Kuttappan, Rejimon
245 ## - TITLE STATEMENT
Title Rowing between the rooftops :
Statement of responsibility, etc by Greg C. Bruno
Remainder of title the heroic fishermen of the Kerala floods /
260 ## - PUBLICATION, DISTRIBUTION, ETC. (IMPRINT)
Name of publisher, distributor, etc Speaking Tiger
Date of publication, distribution, etc 2019
Place of publication, distribution, etc New Delhi
270 ## - ADDRESS
Address 4381/4 Ansari Road, Daryaganj
Postal code 110002
City New Delhi
300 ## - PHYSICAL DESCRIPTION
Extent 158p.
Dimensions 19cm(pbk)
942 ## - ADDED ENTRY ELEMENTS (KOHA)
Source of classification or shelving scheme Dewey Decimal Classification
Item type English Books
Classification part 920
Call number suffix KUT
Holdings
Withdrawn status Lost status Not for loan Collection code Home library Current library Date acquired Source of acquisition Cost, normal purchase price Full call number Barcode Copy number Cost, replacement price Koha item type
      Non-fiction Central Library Central Library 20/11/2019 DBAD/PUB 299.00 920 KUT EN-110475 1 299.00 English Books

© Delhi Public Library
Hit Counter
free hit counter